О некоторых производных антракумарина: [оттиск статьи]

Bibliographic Details
Main Author: Минаев В. И. Василий Иванович
Summary:Отдельный оттиск из "Известий Томского технологического института" Т. 45, №3, 1924 г.
Language:Russian
Published: Томск, Типо-литография Сибирской железной дороги, 1924
Subjects:
Format: Book
KOHA link:https://koha.lib.tpu.ru/cgi-bin/koha/opac-detail.pl?biblionumber=351775

MARC

LEADER 00000nam0a2200000 4500
001 351775
005 20231102010433.0
035 |a (RuTPU)RU\TPU\retro\7326 
090 |a 351775 
100 |a 20190916d1924 k y0rusy50 ca 
101 0 |a rus 
102 |a RU 
105 |a y z 000zy 
200 1 |a О некоторых производных антракумарина  |e [оттиск статьи]  |f В. И. Минаев 
210 |a Томск  |c Типо-литография Сибирской железной дороги  |d 1924 
215 |a 11 с. 
300 |a Отдельный оттиск из "Известий Томского технологического института" Т. 45, №3, 1924 г. 
316 |5 63413507: ШкА/2251  |a На с.1 дарственная надпись : "В библиотеку Т.Т.И. от автора 2.VI.924" 
606 |a Радиационно-химические процессы в химической технологии  |x Исследование  |2 stltpush  |3 (RuTPU)RU\TPU\subj\31776  |9 54539 
610 1 |a коллекция ТПУ 
610 1 |a кислоты 
610 1 |a химия 
610 1 |a красящие вещества 
610 1 |a эксперименты 
610 1 |a примеси 
610 1 |a щелочи 
610 1 |a диазотирование 
610 1 |a изомеры 
675 |a 66.085  |v 3 
700 1 |a Минаев  |b В. И.  |c российский химик-органик  |c профессор Томского технологического института (1915-1925)  |c профессор Иваново-Вознесенского химико-технологического института (1930-1943)  |f 1877-1943  |g Василий Иванович  |2 stltpush  |3 (RuTPU)RU\TPU\pers\19082 
801 1 |a RU  |b 63413507  |c 20190111 
801 2 |a RU  |b 63413507  |c 20190916  |g RCR 
942 |c BK